Ecología y Medio Ambiente en el siglo XXI
| Main Authors: | , , |
|---|---|
| Format: | Section = Libro |
| Language: | Undetermined Spanish |
| Published: |
México
Pearson Educación
2009
|
| Subjects: |
| LEADER | 00629nam a2200229Ia 4500 | ||
|---|---|---|---|
| 008 | 241007s9999||||xx |||||||||||||| ||und|| | ||
| 020 | |a 978-607-442-005-0 | ||
| 040 | |a BIBLIOTECA-RURC/ 574.5 E19 | ||
| 041 | |a spa | ||
| 082 | |a 574.5 E19 | ||
| 100 | 1 | |a Carabias, Julia | |
| 100 | 1 | |b Meave, Jorge A. | |
| 100 | 1 | |c Valverde, Teresa | |
| 245 | 1 | 0 | |a Ecología y Medio Ambiente en el siglo XXI |
| 260 | |a México |b Pearson Educación |c 2009 | ||
| 300 | |a 250 p. :il. | ||
| 650 | 7 | |a ECOLOGÍA - RECURSOS NATURALES | |
| 650 | 7 | |b BASES BIOLOGICAS | |
| 650 | 7 | |c ECOLOGÍA Y SOCIEDAD. | |
| 942 | |c BK |2 ddc | ||
| 991 | |a TEXTO | ||
| 999 | |c 14422 | ||